banner-ar

NATO HANDBOOK (Record no. 4670)

MARC details
000 -الفاتح
حقل البيانات ثابتة الطول 00526nam a2200181Ia 4500
008 - عناصر البيانات ثابتة الطول - معلومات عامة
حقل البيانات ثابتة الطول 140319s9999 xx 000 0 eng d
020 ## - الرقم الدولى المعيارى للكتب
الرقم الدولى المعيارى للكتاب 9284500834
040 ## - مصدر الفهرسة
وكالة الفهرسة الأصلية GCL /
وكالة النسخ GCL
082 04 - رقم تصنيف ديوى العشرى
رقم التصنيف 355.031091821
رقم المادة N N
245 10 - بيان العنوان
العنوان NATO HANDBOOK
260 ## - PUBLICATION, DISTRIBUTION, ETC. (IMPRINT)
تاريخ النشر أو التوزيع 1995
300 ## - الوصف المادى
التعداد 18 CM ؛
أبعاد الوعاء 368 P
650 04 - المدخل الاضافى بالموضوع-مصطلح موضوعى
مصطلح موضوعي NORTH ATLANTIC TREATY ORGANIZATION - HANDBOOK
650 04 - المدخل الاضافى بالموضوع-مصطلح موضوعى
مصطلح موضوعي ARMED FORECES - HANDBOOK
650 04 - المدخل الاضافى بالموضوع-مصطلح موضوعى
مصطلح موضوعي MILITARY SCIENCE - HANDBOOK
942 ## - عناصر المدخل الإضافي( كوها)
مصدر التصنيف او مخطط الترفيف Dewey Decimal Classification
Koha [default] item type كتاب
260 ## - PUBLICATION, DISTRIBUTION, ETC. (IMPRINT)
-- بلجيكا :
-- NATO OFFICE OF INFORMATION AND PRESS ،
Holdings
حالة التراجع حالة الفقد حالة تلف ليس للاعارة المكان المؤقت الموقع الحالى تاريخ الاكتساب اجمالي اﻻعارات رقم الطلب الباركود تاريخ اخر مشاهدة تاريخ تفعيل السعر نوع وعاء كوها
        مكتبة القاهرة الكبرى مكتبة القاهرة الكبرى 03/26/2014   355.031091821\N N 10524 03/26/2014 03/26/2014 كتاب

Powered By

EGPV